000 00505nam a2200181Ia 4500
008 240925s9999 xx 000 0 und d
020 _a9788183223218
082 _a658 COV
100 _aCovey, Stephen R.
245 0 _aPredictable Results in Unpredictable Times: how to win in any envoirment.
250 _aNA
260 _aNew Delhi:
_bManjul Publishing House.
_c,2009.
300 _a101p.
_b0
_fOriginal
500 _aIncludes Index
600 _aManagement
650 _aManagement
942 _cBK
999 _c17214
_d17214